000 00256nam a2200109Ia 4500
008 220622s9999 xx 000 0 und d
020 _a978-1431410637
082 _aNDE KF BEST
100 _aBESTER,MARYANNE
_9897
245 0 _aNGIYAKWAZI LOKHO
942 _cBK
_y561
_zJohn Tresidder
999 _c95468
_d95467